The fishing handbook
| Main Author: | |
|---|---|
| Format: | Book |
| Published: |
England :
Silverdale Books ,
2004
|
| Subjects: |
MARC
| LEADER | 00000cam a2200000 7i4500 | ||
|---|---|---|---|
| 001 | 0000016719 | ||
| 005 | 20080428.0 | ||
| 008 | 080416 | ||
| 020 | |a 1856058808 | ||
| 090 | 0 | 0 | |a 799.12 |b THO |
| 100 | 1 | |a Thomas, Wayne | |
| 245 | 1 | 4 | |a The fishing handbook |c Wayne Thomas |
| 260 | |a England : |b Silverdale Books , |c 2004 | ||
| 650 | 0 | |a Fishing |x Angling | |
| 650 | 0 | |a Fishing |x Hobbies | |
| 650 | 0 | |a Fishing |x Sports | |
| 650 | 0 | |a Fishing |x Techniques | |
| 999 | |a 0001013917 |b Book |c REFERENCE |e Perbadanan Perpustakaan Awam Johor | ||